| 000 | 00932cam a22002777a 4500 | ||
|---|---|---|---|
| 003 | CHAP | ||
| 005 | 20220329140958.0 | ||
| 008 | 971013s r 00010 d | ||
| 010 | _a60837 | ||
| 011 | _a61809 | ||
| 035 | _a65977 | ||
| 040 | _cCHAP | ||
| 100 | 0 | 0 |
_aVega Villasante, Fernando. _9118310 |
| 245 | 1 | 3 | _aLa familia Cactaceae para los grupos indígenas prehispánicas de Baja California Sur |
| 300 |
_aCiencia (México) 47 (1) _b:9-15, 1996 |
||
| 590 |
_aBATCH-UPD _b10 _c20130110 _lUCH01 _h0714 |
||
| 590 |
_aBATCH-UPD _b10 _c20130410 _lUCH01 _h0359 |
||
| 590 |
_aBATCH-UPD _b10 _c20130914 _lUCH01 _h0805 |
||
| 590 |
_aCONVERSION _b10 _c20130109 _lUCH01 _h1333 |
||
| 650 | 1 | 4 |
_aCactáceas _xBaja California Sur. _916998 |
| 650 | 1 | 4 |
_aIndios de Baja California. _957589 |
| 852 | 2 |
_yISSUE _d2012-12-17 _503 |
|
| 901 | _aBK | ||
| 942 | _cISSUE | ||
| 949 |
_bBC _cPS _d-150926 _ePS _i65977 _si |
||
| 999 |
_c60837 _d60837 |
||